000 00847nam a2200229 a 4500
001 81079
003 BD-RjUL
005 20230115114137.0
008 230115s2021 bg ||||| |||| 00| 0 ben d
020 _a9789840761111
035 _a(BD-RjUL)81079
040 _aBD-RjUL
_beng
_cBD-RjUL
041 _aben
082 _223
_a954.9205092
_bSHB 2021
100 _aশেখর, সৌমিত্র
_96581
245 _aবঙ্গবন্ধু আদর্শের সুবর্ণরেখা /
_cসৌমিত্র শেখর
260 _aঢাকা :
_bবাংলা একাডেমি,
_c২০২১
300 _a১২৭ পৃ.;
_c২৩ সেমি.
600 _aমুজিবুর রহমান , শেখ,
_d১৯২০-১৯৭৫
600 _aMujibur Rahman, Sheikh,
_d1920-1975
942 _2ddc
_cBK
999 _c81079
_d81079